000 00749nam a2200217Ia 4500
008 220705s9999||||xx |||||||||||||| ||und||
020 _a978-3-030-49391-2
020 _a978-3-030-49392-9
040 _cSpringer
041 _aENG
100 _a Maria Paasivaara
100 _a Philippe Kruchten
100 _a Rashina Hoda
100 _aViktoria Stray
245 0 _aAgile Processes in Software Engineering and Extreme Programming
260 _bSpringer International Publishing
_c2020
490 _aLecture Notes in Business Information Processing; 383
_x1865-1356
650 _aComputer Science
856 _fhttps://doi.org/10.1007/978-3-030-49392-9
_uhttps://link.springer.com/openurl?genre=book&isbn=978-3-030-49392-9
942 _cEBK
999 _c76764
_d76764